Canada... or Australia? - Statistics

General Stats
  • This quiz has been taken 49 times
  • The average score is 11 of 15
Answer Stats
Question Answer % Correct
Borders another country Canada
100%
Is part of the Commonwealth of Nations Both
94%
Has more islands Canada
94%
Has a higher total % of English speakers Australia
89%
Is where the sport lacrosse was first seen Canada
85%
Has provinces Canada
83%
Has a first-level subdivision named for a British royal figure Both
77%
Has a higher population Canada
77%
Has a land claim on Antarctica Australia
74%
Has more area covered by desert/tundra Australia
64%
Has territories Both
64%
Is home to Mount Logan Canada
62%
Was a host of the Summer Olympics Both
57%
Has a higher HDI score Australia
49%
Over 25% of its population is immigrants Australia
28%
No matching quizzes found
Score Distribution
Percent of People with Each Score
Percentile by Number Answered
Your Score History
You have not taken this quiz